[Event "DEM U10 2017"]
[Site "Willingen GER"]
[Date "2017.06.04"]
[Round "1"]
[White "Metzdorf, Matteo"]
[Black "Bolz, Jannis"]
[Result "1-0"]
[Termination "normal"]
[Board "1"]
[WhiteElo "1466"]
[BlackElo "1333"]
[WhiteClock "00:25:44"]
[BlackClock "00:41:45"]
[PlyCount "71"]
[WhiteFideId "16209869"]
[BlackFideId "16214897"]
[EventCountry "GER"]
[EventRounds "11"]
[EventType "swiss"]
[EventDate "2017.06.03"]

1. e4 e5 2. Nf3 Nc6 3. Bb5 a6 4. Ba4 Nf6 5. O-O Nxe4 6. d4 b5 7. Bb3 d5 8. dxe5
Be6 9. Nbd2 Nc5 10. c3 d4 11. Bxe6 Nxe6 12. cxd4 Ncxd4 13. Ne4 Be7 14. Be3 c5
15. a4 b4 16. Rc1 Qd5 17. Bxd4 Nxd4 18. Nxd4 cxd4 19. Qf3 Qd8 20. Rfe1 O-O 21.
Rc4 Kh8 22. Rd1 Qd5 23. Rcxd4 Qxe5 24. Qd3 h6 25. Nd2 Qf6 26. Nf3 Rfe8 27. Qc2
Rec8 28. Qe2 Bc5 29. Re4 Qc6 30. Ne5 Qc7 31. Rd7 Qa5 32. Nxf7+ Kg8 33. Nxh6+
Kh8 34. Nf7+ Kg8 35. Ne5 Qxa4 36. Qc4+ 1-0

[Event "DEM U10 2017"]
[Site "Willingen GER"]
[Date "2017.06.04"]
[Round "1"]
[White "Böhm, Karl"]
[Black "Prieb, Robert"]
[Result "0-1"]
[Termination "normal"]
[Board "2"]
[WhiteElo "1516"]
[BlackElo "1583"]
[WhiteClock "00:34:21"]
[BlackClock "00:44:26"]
[PlyCount "74"]
[WhiteFideId "16209800"]
[BlackFideId "16212002"]
[EventCountry "GER"]
[EventRounds "11"]
[EventType "swiss"]
[EventDate "2017.06.03"]

1. e4 d6 2. d4 Nf6 3. Nc3 c6 4. Be2 e5 5. dxe5 dxe5 6. Qxd8+ Kxd8 7. Nf3 Bd6 8.
Be3 h6 9. O-O-O Kc7 10. Rxd6 Kxd6 11. Rd1+ Kc7 12. Nxe5 Be6 13. Bf4 Kc8 14. Bc4
Rf8 15. Bxe6+ fxe6 16. Ng6 Re8 17. Ne5 Rd8 18. Rxd8+ Kxd8 19. f3 Nbd7 20. Ng6
Ke8 21. Bd6 Kf7 22. Nf4 e5 23. Nd3 Ke6 24. Ba3 a5 25. Nc5+ Nxc5 26. Bxc5 g5 27.
Na4 b5 28. Nb6 Rd8 29. c4 g4 30. a4 b4 31. b3 h5 32. Kc2 h4 33. Bf2 h3 34. gxh3
gxf3 35. c5 Nxe4 36. Be3 Rd2+ 37. Kc1 f2 0-1

[Event "DEM U10 2017"]
[Site "Willingen GER"]
[Date "2017.06.04"]
[Round "1"]
[White "Costa, Leonardo"]
[Black "Fathke, Luke"]
[Result "1-0"]
[Termination "normal"]
[Board "3"]
[WhiteElo "1704"]
[BlackElo "1327"]
[WhiteClock "00:46:46"]
[BlackClock "00:42:50"]
[PlyCount "85"]
[WhiteFideId "16213955"]
[BlackFideId "16230230"]
[EventCountry "GER"]
[EventRounds "11"]
[EventType "swiss"]
[EventDate "2017.06.03"]

1. e4 c6 2. d4 d5 3. exd5 cxd5 4. Bd3 Nc6 5. Nf3 Bg4 6. c3 Nf6 7. h3 Bh5 8. Bf4
e6 9. Nbd2 Be7 10. O-O O-O 11. g4 Bg6 12. Qe2 a6 13. Bxg6 hxg6 14. Ne5 Bd6 15.
Nxg6 Bxf4 16. Nxf4 Re8 17. Nd3 Qd6 18. f4 b5 19. b4 Rac8 20. Nc5 Na7 21. a4 Ra8
22. Ra2 Nd7 23. Ndb3 Reb8 24. Qe3 Qc6 25. Rfa1 Rb6 26. Nxd7 Qxd7 27. Nc5 Qc6
28. Qe5 Nc8 29. f5 exf5 30. gxf5 Nd6 31. Kh2 Nc4 32. Qg3 Nd6 33. Rf1 Nb7 34. a5
Nxc5 35. axb6 Ne4 36. Qc7 Qxc7+ 37. bxc7 Rc8 38. Rxa6 Rxc7 39. Rb6 Nxc3 40. Rc1
Kf8 41. Ra6 Ke7 42. Ra3 Rc4 43. Raxc3 1-0

[Event "DEM U10 2017"]
[Site "Willingen GER"]
[Date "2017.06.04"]
[Round "1"]
[White "Fuchs, Florian"]
[Black "Laucht, Philipp"]
[Result "1-0"]
[Termination "normal"]
[Board "5"]
[WhiteElo "1758"]
[BlackElo "1316"]
[WhiteClock "00:32:12"]
[BlackClock "00:37:13"]
[PlyCount "93"]
[WhiteFideId "16213351"]
[BlackFideId "16244869"]
[EventCountry "GER"]
[EventRounds "11"]
[EventType "swiss"]
[EventDate "2017.06.03"]

1. e4 c5 2. Nf3 d6 3. Bb5+ Bd7 4. Bxd7+ Qxd7 5. d4 cxd4 6. Nxd4 Nf6 7. Nc3 g6
8. f3 Bg7 9. Be3 O-O 10. Qd2 Nc6 11. O-O-O Rfc8 12. g4 Ne5 13. h4 Nc4 14. Qe1
Nxe3 15. Qxe3 Rc4 16. Nde2 a6 17. Kb1 Rac8 18. h5 Qc7 19. hxg6 fxg6 20. Nf4 Qd7
21. g5 Ne8 22. Nfe2 b5 23. Rd2 e6 24. Qf2 Qc7 25. Qh4 Bxc3 26. bxc3 e5 27. Qg4
Ng7 28. Qh3 Nh5 29. Qe6+ Kh8 30. Rxd6 Qg7 31. Rd7 Qf8 32. Qxe5+ Ng7 33. Nf4
R4c6 34. Nd5 Re6 35. Rxg7 Qxg7 36. Qxe6 h5 37. Qxc8+ Qg8 38. Qd7 Qg7 39. Qe8+
Qg8 40. Qe5+ Qg7 41. Nf6 Qf7 42. Rd1 Kg7 43. Nxh5+ Kh7 44. Nf6+ Kh8 45. Rd8+
Kg7 46. Nh5+ Kh7 47. Rh8# 1-0

[Event "DEM U10 2017"]
[Site "Willingen GER"]
[Date "2017.06.04"]
[Round "1"]
[White "Tran Minh, Hieu"]
[Black "Deuer, Marius"]
[Result "0-1"]
[Termination "normal"]
[Board "6"]
[WhiteElo "1315"]
[BlackElo "1698"]
[WhiteClock "00:45:25"]
[BlackClock "00:53:45"]
[PlyCount "58"]
[WhiteFideId "16244877"]
[BlackFideId "16236432"]
[EventCountry "GER"]
[EventRounds "11"]
[EventType "swiss"]
[EventDate "2017.06.03"]

1. e4 c5 2. Nf3 Nc6 3. c3 Nf6 4. d3 d6 5. h3 g6 6. Be3 Bg7 7. Be2 O-O 8. Nbd2
e6 9. Bg5 Qc7 10. Bxf6 Bxf6 11. Nf1 d5 12. Ng3 Bd7 13. Qd2 Ne5 14. Qe3 d4 15.
cxd4 Nxf3+ 16. Bxf3 Bxd4 17. Qd2 a5 18. O-O Qxg3 19. b3 Qc7 20. Rac1 a4 21. b4
b6 22. bxc5 bxc5 23. Qb4 Bc6 24. Qc4 a3 25. Bd1 Rab8 26. Qc2 Rb2 27. Qc4 Qb6
28. Ba4 Rb4 29. Rb1 Rxb1 0-1

[Event "DEM U10 2017"]
[Site "Willingen GER"]
[Date "2017.06.04"]
[Round "1"]
[White "Reichmann, Felix"]
[Black "Breitkopf-Lazar, Patrick-Robert"]
[Result "1/2-1/2"]
[Termination "normal"]
[Board "7"]
[WhiteElo "1550"]
[BlackElo "1297"]
[WhiteClock "00:40:46"]
[BlackClock "00:33:02"]
[PlyCount "67"]
[WhiteFideId "16238290"]
[BlackFideId "16213742"]
[EventCountry "GER"]
[EventRounds "11"]
[EventType "swiss"]
[EventDate "2017.06.03"]

1. c4 e6 2. g3 d5 3. Bg2 dxc4 4. Qc2 c6 5. Nf3 b5 6. a4 Bb7 7. Nc3 a6 8. O-O
Nf6 9. Rd1 Be7 10. d3 cxd3 11. Rxd3 Qc8 12. Be3 O-O 13. Rc1 Nd5 14. Ne5 f6 15.
Ng4 h5 16. Nh6+ gxh6 17. Bxh6 Nb4 18. Qb1 Nxd3 19. Qxd3 f5 20. Bxf8 Bxf8 21.
axb5 Qe8 22. bxa6 Bxa6 23. Qe3 Bb7 24. Qb6 Qc8 25. Nb5 Ra6 26. Qe3 Qd7 27. Nd4
c5 28. Bxb7 Qxb7 29. Nxe6 Qe7 30. Nxf8 Qxe3 31. fxe3 Kxf8 32. Rxc5 Kg7 33. Rxf5
Kg6 34. Rb5 1/2-1/2

[Event "DEM U10 2017"]
[Site "Willingen GER"]
[Date "2017.06.04"]
[Round "1"]
[White "Petzke, Julian"]
[Black "Bungarten, Jona"]
[Result "0-1"]
[Termination "normal"]
[Board "8"]
[WhiteElo "1279"]
[BlackElo "1726"]
[WhiteClock "00:41:37"]
[BlackClock "00:51:42"]
[PlyCount "126"]
[WhiteFideId "16244885"]
[BlackFideId "16223608"]
[EventCountry "GER"]
[EventRounds "11"]
[EventType "swiss"]
[EventDate "2017.06.03"]

1. d4 d5 2. Nf3 Nf6 3. c4 e6 4. Nc3 c5 5. e3 Nc6 6. Be2 Be7 7. O-O O-O 8. b3 b6
9. Bb2 Bb7 10. Qd2 Qd7 11. Rfd1 Rfd8 12. a3 Rac8 13. Rac1 Na5 14. Qc2 Qe8 15.
Bd3 dxc4 16. Bxc4 Nxc4 17. bxc4 Bxf3 18. gxf3 cxd4 19. Rxd4 Rxd4 20. exd4 Rxc4
21. Qd3 Qc6 22. Ne2 Rxc1+ 23. Nxc1 h6 24. Ne2 Nd5 25. Ng3 Nf4 26. Qe4 Qxe4 27.
fxe4 Nd3 28. Bc3 Bxa3 29. Kg2 Bb4 30. Ba1 Be1 31. Nh1 Bb4 32. Kf3 Kf8 33. Ke3
Ne1 34. Bb2 Ke7 35. f4 Kd6 36. Ng3 Ba5 37. Nh5 g5 38. fxg5 hxg5 39. Nf6 Bb4 40.
Ng4 a5 41. Ne5 f6 42. Nf7+ Ke7 43. Nh6 a4 44. Ke2 Ng2 45. Kd3 b5 46. Ng4 Nf4+
47. Kc2 Ng2 48. Nf2 Ne1+ 49. Kd1 f5 50. exf5 exf5 51. Kc1 g4 52. Kb1 Bd2 53.
Nd1 f4 54. Nf2 g3 55. hxg3 fxg3 56. Nh3 b4 57. d5 Kd6 58. Ng1 Kxd5 59. Ka2 g2
60. Bf6 Kc4 61. Kb2 Bc3+ 62. Bxc3 bxc3+ 63. Kb1 Kb3 0-1

[Event "DEM U10 2017"]
[Site "Willingen GER"]
[Date "2017.06.04"]
[Round "1"]
[White "Willsch, Justin"]
[Black "Hagner, Bennet"]
[Result "0-1"]
[Termination "normal"]
[Board "10"]
[WhiteElo "1221"]
[BlackElo "1683"]
[WhiteClock "00:38:56"]
[BlackClock "00:37:35"]
[PlyCount "94"]
[WhiteFideId "16229762"]
[BlackFideId "16224477"]
[EventCountry "GER"]
[EventRounds "11"]
[EventType "swiss"]
[EventDate "2017.06.03"]

1. d4 d5 2. Bf4 c5 3. e3 Nc6 4. Nf3 Bg4 5. Be2 e6 6. c3 Nf6 7. O-O cxd4 8. exd4
Bd6 9. Bxd6 Qxd6 10. h3 Bh5 11. Nbd2 O-O 12. Nb3 Rac8 13. Nc5 b6 14. Nd3 Rfe8
15. Nfe5 Bxe2 16. Qxe2 Ne4 17. Nxc6 Rxc6 18. Ne5 Rc7 19. Qd3 f6 20. Nf3 e5 21.
dxe5 fxe5 22. Rfe1 Qc5 23. Qe3 Qb5 24. Rab1 Qc4 25. Ra1 Qb5 26. Rab1 Qa4 27. a3
Qc2 28. Qe2 Qb3 29. Nd2 Nxd2 30. Qxd2 Rd7 31. Qg5 Qc2 32. Qc1 Qd3 33. Qe3 Qf5
34. Qg3 Rf8 35. Rbc1 e4 36. Rcd1 Rdf7 37. Rd2 Rf6 38. Qg4 Qe5 39. Qg3 Qe6 40.
Red1 Rg6 41. Qh2 e3 42. fxe3 Qxe3+ 43. Kh1 h6 44. Qg1 Qe4 45. Rxd5 Rf3 46. Qd4
Rxh3+ 47. Kg1 Qxg2# 0-1

[Event "DEM U10 2017"]
[Site "Willingen GER"]
[Date "2017.06.04"]
[Round "1"]
[White "Krüger, Aurelian"]
[Black "Meusel, Johannes"]
[Result "1-0"]
[Termination "normal"]
[Board "11"]
[WhiteElo "1657"]
[BlackElo "1212"]
[WhiteClock "00:39:35"]
[BlackClock "00:33:47"]
[PlyCount "59"]
[WhiteFideId "16230400"]
[BlackFideId "16244893"]
[EventCountry "GER"]
[EventRounds "11"]
[EventType "swiss"]
[EventDate "2017.06.03"]

1. e4 e5 2. Nf3 Nc6 3. Bc4 Bc5 4. O-O d6 5. c3 Bg4 6. b4 Bb6 7. b5 Nce7 8.
Bxf7+ Kxf7 9. Ng5+ Ke8 10. Qxg4 Nf6 11. Qe2 Ng6 12. d4 exd4 13. cxd4 Bxd4 14.
Qc4 Bxf2+ 15. Rxf2 Ne5 16. Qe2 Nfg4 17. Rf1 h5 18. h3 Nf6 19. Bb2 c6 20. Bxe5
dxe5 21. Rd1 Qb6+ 22. Kh2 cxb5 23. Nc3 a6 24. Nd5 Nxd5 25. exd5 Qd6 26. Ne4 Qb6
27. d6 Kd7 28. Rd5 Kd8 29. Ng5 Kd7 30. Qxe5 1-0

[Event "DEM U10 2017"]
[Site "Willingen GER"]
[Date "2017.06.04"]
[Round "1"]
[White "Fink, Moritz"]
[Black "Schwartz, Oliver"]
[Result "0-1"]
[Termination "normal"]
[Board "14"]
[WhiteElo "1162"]
[BlackElo "1517"]
[PlyCount "106"]
[WhiteFideId "16235711"]
[BlackFideId "16207459"]
[EventCountry "GER"]
[EventRounds "11"]
[EventType "swiss"]
[EventDate "2017.06.03"]

1. e4 c5 2. Nc3 g6 3. Bc4 Bg7 4. d3 Nc6 5. f4 e6 6. Nf3 Nge7 7. O-O O-O 8. Qe1
d5 9. Bb3 b6 10. Qh4 Ba6 11. a3 dxe4 12. Nxe4 Nf5 13. Qxd8 Raxd8 14. g4 Nfd4
15. Nxd4 Nxd4 16. g5 Nxb3 17. cxb3 Bxd3 18. Re1 Bxe4 19. Rxe4 Rd1+ 20. Kf2 Rfd8
21. Re1 R8d3 22. Rxd1 Rxd1 23. b4 Bd4+ 24. Kg2 Be3 25. Bxe3 Rxa1 26. bxc5 Ra2
27. cxb6 Rxb2+ 28. Kg3 axb6 29. h4 Kf8 30. Kg4 Rb3 31. Bd4 Ke7 32. Bf6+ Kd7 33.
h5 Rxa3 34. hxg6 hxg6 35. Bb2 Ra4 36. Kf3 Kc6 37. Be5 Kd5 38. Ke3 Re4+ 39. Kf3
Rxe5 40. fxe5 Kxe5 41. Kg4 b5 42. Kg3 b4 43. Kf3 b3 44. Ke3 b2 45. Kd2 b1=Q 46.
Kc3 Qd1 47. Kc4 Qd4+ 48. Kb3 Qc5 49. Kb2 Qc4 50. Kb1 Qe2 51. Kc1 Kd4 52. Kb1
Kc3 53. Ka1 Qb2# 0-1

[Event "DEM U10 2017"]
[Site "Willingen GER"]
[Date "2017.06.04"]
[Round "1"]
[White "Stork, Christopher"]
[Black "Althaus, Lennart"]
[Result "1/2-1/2"]
[Termination "normal"]
[Board "15"]
[WhiteElo "1630"]
[BlackElo "1161"]
[PlyCount "124"]
[WhiteFideId "16215400"]
[BlackFideId "16244923"]
[EventCountry "GER"]
[EventRounds "11"]
[EventType "swiss"]
[EventDate "2017.06.03"]

1. e4 c5 2. Nf3 d6 3. d4 cxd4 4. Nxd4 Nf6 5. Nc3 a6 6. f3 g6 7. Be3 Bg7 8. Qd2
h5 9. O-O-O Nc6 10. Nxc6 bxc6 11. e5 Nd7 12. exd6 Rb8 13. dxe7 Qxe7 14. Re1 O-O
15. Ba7 Bxc3 16. Qxc3 Qg5+ 17. Be3 Qf6 18. Qxf6 Nxf6 19. Bc4 Bb7 20. Bg5 Nd5
21. g4 f6 22. Bh6 Rf7 23. gxh5 Rh7 24. Bxd5+ cxd5 25. Bf4 Rc8 26. hxg6 Rh4 27.
Bd2 Rhc4 28. c3 d4 29. Rhf1 dxc3 30. Bxc3 Rd8 31. f4 a5 32. f5 a4 33. a3 Bg2
34. Rf2 Be4 35. Rfe2 Bxf5 36. Rg1 Rd3 37. g7 Rc8 38. Rd2 Re3 39. Rf2 Re5 40.
Kd1 Rd5+ 41. Rd2 Rxd2+ 42. Kxd2 Rc6 43. Rf1 Rd6+ 44. Ke3 Re6+ 45. Kd4 Bh3 46.
Rf3 Bg2 47. Rg3 Be4 48. h4 f5 49. Kc5 f4 50. Rg1 Bd3 51. Rd1 Re3 52. Bd2 Bc2
53. Bxe3 Bxd1 54. Bxf4 Kxg7 55. Bg5 Kg6 56. Kb4 Bb3 57. Kc5 Kh5 58. Be7 Kg6 59.
Kd4 Kh5 60. Ke4 Bc2+ 61. Kf3 Bb3 62. Kg3 Bc2 1/2-1/2

[Event "DEM U10 2017"]
[Site "Willingen GER"]
[Date "2017.06.04"]
[Round "1"]
[White "Bock, Marlon"]
[Black "Klühs, Gustaf"]
[Result "0-1"]
[Termination "normal"]
[Board "16"]
[WhiteElo "1148"]
[BlackElo "1620"]
[PlyCount "60"]
[WhiteFideId "16244931"]
[BlackFideId "16228936"]
[EventCountry "GER"]
[EventRounds "11"]
[EventType "swiss"]
[EventDate "2017.06.03"]

1. d4 Nf6 2. Nf3 e6 3. e3 b6 4. Bd3 Bb7 5. O-O Be7 6. b3 O-O 7. Bb2 d5 8. Ne5
Nbd7 9. f4 Ne4 10. g4 f6 11. Nf3 f5 12. Ne5 c5 13. Qf3 Nxe5 14. fxe5 fxg4 15.
Qxg4 Qd7 16. Nc3 Nxc3 17. Bxc3 c4 18. Be2 cxb3 19. cxb3 Rac8 20. Rac1 Rxf1+ 21.
Bxf1 Bb4 22. Bb2 Rxc1 23. Bxc1 Qc8 24. Qd1 Qc3 25. Bh3 Bc8 26. a3 Be7 27. Bd2
Qb2 28. Bc1 Qc3 29. Bd2 Qd3 30. Bc1 Qxd1+ 0-1

[Event "DEM U10 2017"]
[Site "Willingen GER"]
[Date "2017.06.04"]
[Round "1"]
[White "Ehrig, Leon Chris"]
[Black "Schott, Andy"]
[Result "0-1"]
[Termination "normal"]
[Board "17"]
[WhiteElo "1484"]
[BlackElo "1143"]
[PlyCount "58"]
[WhiteFideId "16244796"]
[BlackFideId "16244940"]
[EventCountry "GER"]
[EventRounds "11"]
[EventType "swiss"]
[EventDate "2017.06.03"]

1. e4 e5 2. Nf3 Nc6 3. Bc4 Bc5 4. d3 Nf6 5. Bg5 d6 6. h3 Be6 7. Bb3 h6 8. Bh4
g5 9. Nxg5 hxg5 10. Bxg5 Qe7 11. c3 O-O-O 12. Qf3 Rdg8 13. Bxf6 Bg4 14. Bxe7
Bxf3 15. gxf3 Nxe7 16. Bxf7 Rg2 17. Rf1 Kb8 18. Be6 Ng6 19. Bg4 Nf4 20. Kd2
Bxf2 21. Na3 Bc5+ 22. Kd1 Nxd3 23. b4 Be3 24. Nc4 Bg5 25. a4 c6 26. f4 Bxf4 27.
Be2 Nf2+ 28. Ke1 Nxe4 29. Bf3 Bg3+ 0-1

[Event "DEM U10 2017"]
[Site "Willingen GER"]
[Date "2017.06.04"]
[Round "1"]
[White "Neuwirth, Mark"]
[Black "Hecht, Jonas Christian"]
[Result "1/2-1/2"]
[Termination "normal"]
[Board "18"]
[WhiteElo "1123"]
[BlackElo "1465"]
[PlyCount "65"]
[WhiteFideId "16244958"]
[BlackFideId "16214846"]
[EventCountry "GER"]
[EventRounds "11"]
[EventType "swiss"]
[EventDate "2017.06.03"]

1. e4 e5 2. Nf3 Nc6 3. Bc4 Bc5 4. d3 Nf6 5. Nc3 O-O 6. Bg5 Be7 7. Bxf6 Bxf6 8.
Nd5 d6 9. h3 Be6 10. Nxf6+ Qxf6 11. Bxe6 fxe6 12. O-O Qg6 13. c3 Rf4 14. g3
Rff8 15. Nh2 Rf7 16. Qg4 Qf6 17. Qd1 Qe7 18. Ng4 h5 19. Ne3 h4 20. g4 Rf3 21.
Nf5 Rxf5 22. exf5 exf5 23. f3 f4 24. Qb3+ Kh8 25. Qxb7 Qd7 26. Qb3 Rb8 27. Qc2
Qe7 28. Rae1 Qf7 29. a3 Qe6 30. Re4 g5 31. c4 Qf7 32. Kg2 Nd4 33. Qb1 1/2-1/2

[Event "DEM U10 2017"]
[Site "Willingen GER"]
[Date "2017.06.04"]
[Round "1"]
[White "Zielke, Ansgar"]
[Black "Krüger, Arthur"]
[Result "1-0"]
[Termination "normal"]
[Board "19"]
[WhiteElo "1450"]
[BlackElo "1116"]
[PlyCount "53"]
[WhiteFideId "16244800"]
[BlackFideId "16244966"]
[EventCountry "GER"]
[EventRounds "11"]
[EventType "swiss"]
[EventDate "2017.06.03"]

1. d4 d5 2. Nf3 Nf6 3. e3 e6 4. c4 Be7 5. Nc3 O-O 6. Qc2 b6 7. Bd2 Bb7 8. cxd5
Nxd5 9. Nxd5 exd5 10. Bd3 h6 11. O-O Nd7 12. Rfe1 c5 13. Rac1 Rc8 14. Bc3 Bf6
15. Qd2 Re8 16. Bb1 cxd4 17. exd4 Be7 18. Qd3 Nf6 19. Ne5 g6 20. Bd2 h5 21. Bh6
Rxc1 22. Rxc1 Bd6 23. f4 Bxe5 24. fxe5 Kh7 25. Bg5 Qe7 26. Bxf6 Qb4 27. Qd1 1-0

[Event "DEM U10 2017"]
[Site "Willingen GER"]
[Date "2017.06.04"]
[Round "1"]
[White "May, Alexander"]
[Black "von Mettenheim, Johannes"]
[Result "0-1"]
[Termination "normal"]
[Board "20"]
[WhiteElo "1112"]
[BlackElo "1407"]
[PlyCount "110"]
[WhiteFideId "16244974"]
[BlackFideId "16244818"]
[EventCountry "GER"]
[EventRounds "11"]
[EventType "swiss"]
[EventDate "2017.06.03"]

1. d4 d5 2. c4 e6 3. Nc3 Nf6 4. Bg5 Nbd7 5. Nf3 c6 6. e3 Qa5 7. a3 Ne4 8. Qc2
Bb4 9. Rc1 Bxc3+ 10. bxc3 Qxa3 11. cxd5 Nxg5 12. Nxg5 exd5 13. Be2 h6 14. Nf3
Nf6 15. O-O O-O 16. h3 Ne4 17. c4 Bf5 18. Ra1 Qe7 19. Qb2 Ng5 20. cxd5 cxd5 21.
Qd2 Nxf3+ 22. Bxf3 Be4 23. Qe2 Rfc8 24. Ra2 b6 25. Rfa1 Rc7 26. Bxe4 Qxe4 27.
Qd1 a5 28. Rb2 Rc6 29. Rab1 Rg6 30. Qf1 Rb8 31. g3 h5 32. h4 Qxh4 33. Qg2 Qd8
34. Rb5 Rd6 35. Qf1 h4 36. Qh3 hxg3 37. Qxg3 Rg6 38. Qxg6 fxg6 39. Kf1 g5 40.
Ke2 g4 41. Rg1 Qd7 42. Rgb1 Qc6 43. R1b2 a4 44. R5b4 a3 45. Ra2 Ra8 46. Kd2 Ra4
47. Rb3 Qc4 48. Rbxa3 Qb4+ 49. Kc2 Rxa3 50. Rxa3 Qxa3 51. Kb1 b5 52. Kc2 b4 53.
Kb1 b3 54. e4 Qa2+ 55. Kc1 Qc2# 0-1

[Event "DEM U10 2017"]
[Site "Willingen GER"]
[Date "2017.06.04"]
[Round "1"]
[White "Grabs, Peter"]
[Black "Bakiev, Diyor"]
[Result "0-1"]
[Termination "normal"]
[Board "21"]
[WhiteElo "1281"]
[BlackElo "1111"]
[PlyCount "122"]
[WhiteFideId "16203887"]
[BlackFideId "16241584"]
[EventCountry "GER"]
[EventRounds "11"]
[EventType "swiss"]
[EventDate "2017.06.03"]

1. e4 e5 2. Nf3 Nc6 3. Nc3 Nf6 4. Bb5 a6 5. Bxc6 bxc6 6. Nxe5 Bb4 7. O-O O-O 8.
d3 Re8 9. f4 Bxc3 10. bxc3 Bb7 11. Rb1 Bc8 12. Be3 Qe7 13. Qd2 a5 14. Qf2 Qa3
15. c4 Qa4 16. Rb2 d6 17. Nf3 Ng4 18. Qd2 d5 19. Rd1 Ba6 20. Bc5 dxc4 21. dxc4
Qxc4 22. Qxa5 Bb5 23. Qb4 Rad8 24. Rbb1 Rxd1+ 25. Rxd1 Qxc2 26. Re1 Qxa2 27. h3
Nf6 28. Qd4 Qc2 29. Ne5 h6 30. Bb4 Qb3 31. Bc3 Qa4 32. Qxa4 Bxa4 33. Ra1 Bb5
34. Ba5 Nxe4 35. Bxc7 f6 36. Nf3 Rc8 37. Bb6 c5 38. Ra5 Nd6 39. Nd2 c4 40. Ne4
Nxe4 41. Rxb5 c3 42. Rb1 Rb8 43. Re1 Rxb6 44. Rxe4 c2 45. Re8+ Kf7 46. Rc8 Rb1+
47. Kf2 c1=Q 48. Rxc1 Rxc1 49. g4 g5 50. f5 Rc3 51. Kg2 Ke7 52. Kh2 Kd6 53. Kg2
Ke5 54. Kh2 Kf4 55. Kg2 Rc2+ 56. Kf1 Ke3 57. h4 gxh4 58. g5 hxg5 59. Kg1 Kf3
60. Kh1 Kg3 61. Kg1 Rc1# 0-1

[Event "DEM U10 2017"]
[Site "Willingen GER"]
[Date "2017.06.04"]
[Round "1"]
[White "Wessel, Daniel"]
[Black "Phan Trong, Dai"]
[Result "1/2-1/2"]
[Termination "normal"]
[Board "22"]
[WhiteElo "1098"]
[BlackElo "1392"]
[PlyCount "83"]
[WhiteFideId "16244982"]
[BlackFideId "16236939"]
[EventCountry "GER"]
[EventRounds "11"]
[EventType "swiss"]
[EventDate "2017.06.03"]

1. e4 e5 2. Nf3 Nc6 3. Bc4 Bc5 4. O-O d6 5. h3 Nf6 6. Nc3 O-O 7. Re1 Be6 8.
Bxe6 fxe6 9. Na4 Bd4 10. c3 Bb6 11. Nxb6 axb6 12. d4 exd4 13. cxd4 e5 14. d5
Ne7 15. Ng5 Qd7 16. Ne6 Rf7 17. Bg5 Ng6 18. Bxf6 Rxf6 19. Rc1 Rc8 20. Qg4 Nf4
21. Nxf4 Qxg4 22. hxg4 Rxf4 23. f3 Kf7 24. Rc2 Ke7 25. Rec1 Kd7 26. Kh2 Rff8
27. Kh3 g5 28. a3 c6 29. Kg3 cxd5 30. exd5 Rxc2 31. Rxc2 Rf4 32. Rd2 Ke7 33.
Kf2 Rd4 34. Ke3 Rxd2 35. Kxd2 Kf6 36. Ke3 b5 37. Ke4 Kg6 38. g3 b6 39. f4 gxf4
40. gxf4 exf4 41. Kxf4 h6 42. b3 1/2-1/2

[Event "DEM U10 2017"]
[Site "Willingen GER"]
[Date "2017.06.04"]
[Round "1"]
[White "Weissenberger, Julius"]
[Black "Friedhoff, Mirco"]
[Result "1-0"]
[Termination "normal"]
[Board "23"]
[WhiteElo "1381"]
[BlackElo "1095"]
[PlyCount "101"]
[WhiteFideId "16244826"]
[BlackFideId "16243447"]
[EventCountry "GER"]
[EventRounds "11"]
[EventType "swiss"]
[EventDate "2017.06.03"]

1. c4 e5 2. g3 Nc6 3. Bg2 Nf6 4. Nc3 Bb4 5. Qc2 d6 6. e3 O-O 7. Nge2 Be6 8. d3
Re8 9. O-O Qd7 10. a3 Bxc3 11. Nxc3 Bh3 12. Bd2 Bxg2 13. Kxg2 d5 14. cxd5 Nxd5
15. Nxd5 Qxd5+ 16. e4 Qd7 17. Bc3 Re6 18. Kh1 Rh6 19. f3 Qh3 20. Qg2 Rd8 21.
Qxh3 Rxh3 22. Rad1 Rd6 23. Rf2 Rg6 24. Kg2 Rgh6 25. Rh1 Nd4 26. Bd2 R6h5 27. g4
R5h4 28. Bg5 Ne6 29. Bxh4 Rxh4 30. Kg3 Rh6 31. Re2 Rf6 32. h4 Nd4 33. Rf2 Rf4
34. Rc1 c6 35. Rc4 b5 36. Rxd4 h6 37. Rd6 c5 38. Rd5 c4 39. dxc4 bxc4 40. Rxe5
Rf6 41. Rc5 Rb6 42. Rxc4 Rb3 43. Rc8+ Kh7 44. h5 Rb7 45. Rd2 g6 46. Rdd8 Rxb2
47. Rh8+ Kg7 48. e5 Rb8 49. Rxb8 f6 50. Rhc8 g5 51. Rb7# 1-0

[Event "DEM U10 2017"]
[Site "Willingen GER"]
[Date "2017.06.04"]
[Round "1"]
[White "Brandstrup, Luca Alexander"]
[Black "Richter, Nicholas"]
[Result "0-1"]
[Termination "normal"]
[Board "24"]
[WhiteElo "1083"]
[BlackElo "1369"]
[PlyCount "74"]
[WhiteFideId "16244990"]
[BlackFideId "16244834"]
[EventCountry "GER"]
[EventRounds "11"]
[EventType "swiss"]
[EventDate "2017.06.03"]

1. e4 c5 2. Nf3 e6 3. d4 cxd4 4. Nxd4 a6 5. Nc3 Qc7 6. Bg5 b5 7. a3 Bb7 8. Qd3
Be7 9. Bxe7 Nxe7 10. Qg3 Qxg3 11. hxg3 d5 12. e5 Nbc6 13. Nxc6 Bxc6 14. Bd3 h6
15. f4 O-O-O 16. a4 d4 17. Ne4 Bxe4 18. Bxe4 Nd5 19. Bxd5 Rxd5 20. axb5 Rxb5
21. Rxa6 Rxb2 22. Ra8+ Rb8 23. Rxb8+ Kxb8 24. O-O Rc8 25. Rd1 Rc4 26. Kh2 Kc7
27. Rd3 Kc6 28. Kg1 Kd5 29. Rd2 Rc3 30. Kf2 Kc4 31. Re2 Kd5 32. Rd2 Kc4 33. Re2
Kb4 34. Rd2 Rc4 35. Kf3 Kc3 36. Re2 Rb4 37. Ke4 d3+ 0-1

[Event "DEM U10 2017"]
[Site "Willingen GER"]
[Date "2017.06.04"]
[Round "1"]
[White "Rempe, Jonas"]
[Black "Sommer, Justus"]
[Result "1-0"]
[Termination "normal"]
[Board "25"]
[WhiteElo "1733"]
[BlackElo "1081"]
[PlyCount "57"]
[WhiteFideId "16202406"]
[BlackFideId "16245008"]
[EventCountry "GER"]
[EventRounds "11"]
[EventType "swiss"]
[EventDate "2017.06.03"]

1. e4 e5 2. Nf3 Nc6 3. Bb5 d6 4. d4 exd4 5. Nxd4 Bd7 6. O-O Nxd4 7. Bxd7+ Qxd7
8. Qxd4 Nf6 9. Nc3 Be7 10. f3 O-O 11. Be3 b6 12. Rad1 Rfe8 13. e5 c5 14. Qd2
Nh5 15. g4 Rad8 16. gxh5 Qc6 17. Qd5 Qc7 18. Nb5 Qd7 19. Nxd6 Bxd6 20. Bf4 Qf5
21. exd6 Qxf4 22. Qd2 Qf6 23. Kg2 Qxb2 24. Rfe1 Rxe1 25. Rxe1 Kf8 26. d7 Qf6
27. Qe2 Qc6 28. Qe7+ Kg8 29. Qxd8# 1-0

[Event "DEM U10 2017"]
[Site "Willingen GER"]
[Date "2017.06.04"]
[Round "1"]
[White "Fuhrmann, Bahne"]
[Black "Prizker, Maximilian"]
[Result "1-0"]
[Termination "normal"]
[Board "27"]
[WhiteElo "1365"]
[BlackElo "1016"]
[PlyCount "67"]
[WhiteFideId "16244842"]
[BlackFideId "16225686"]
[EventCountry "GER"]
[EventRounds "11"]
[EventType "swiss"]
[EventDate "2017.06.03"]

1. e4 c5 2. Nf3 d6 3. d4 cxd4 4. Nxd4 Nf6 5. Nc3 e6 6. Bg5 Be7 7. Bd3 a6 8. Qd2
Bd7 9. f3 Qb6 10. Nb3 Nc6 11. Be3 Qc7 12. g4 Ne5 13. Be2 O-O 14. h4 Nc4 15.
Bxc4 Qxc4 16. h5 d5 17. e5 Ne8 18. O-O-O b5 19. Qh2 h6 20. Rdg1 Kh8 21. g5 a5
22. gxh6 b4 23. hxg7+ Nxg7 24. Bh6 Rg8 25. Qg2 Nf5 26. Qd2 bxc3 27. bxc3 Rxg1+
28. Rxg1 Ba3+ 29. Kd1 a4 30. Qg5 Ne3+ 31. Qxe3 Qc8 32. Bg7+ Kg8 33. Bf6+ Kf8
34. Qh6+ 1-0